| 000 | 00475cam a2200205ua 4500 | ||
|---|---|---|---|
| 001 | 8718 | ||
| 008 | 150213n ii |||gr||||Z||||||eng | ||
| 020 | _a8125009469 | ||
| 040 | _cMAIN | ||
| 041 | _aeng | ||
| 082 | _a822.33 | ||
| 100 |
_aShakespeare, W., _eAuthor. |
||
| 245 | 1 |
_aMacbeth _cBy William Shakespeare |
|
| 250 | _a6th. | ||
| 260 |
_aHyderabad: _bOrient, _c1996. |
||
| 300 | _axx, 262p. | ||
| 653 | _aEnglish drama | ||
| 653 | _aShakespeare drama | ||
| 942 | _cBK | ||
| 999 |
_c7815 _d7815 |
||